[Event "IECC KO-5040"]
[Site "IECC email"]
[Date "2004.05.12"]
[Round "?"]
[White "Relyea, Alex"]
[Black "Widjajas, Indra"]
[Result "0-1"]
[WhiteElo "1353"]
[BlackElo "1153"]
[PlyCount "56"]
[EventDate "2003.??.??"]
[EventType "match (corr)"]
[EventRounds "2"]
[SourceTitle "Corr 2020"]
[Source "ChessBase"]
[SourceDate "2019.09.30"]
[SourceVersion "1"]
[SourceVersionDate "2019.09.30"]
[SourceQuality "1"]
[WhiteTeam "United States"]
[BlackTeam "Indonesia"]
[WhiteTeamCountry "USA"]
[BlackTeamCountry "INA"]

1. e4 c5 2. c4 Nc6 3. Nc3 Nf6 4. g3 g6 5. Bg2 Bg7 6. Nge2 0-0 7. 0-0 Ne8 8. d3 Nc7 9. a3 Rb8 10. Rb1 b5 11. Bf4 d6 12. cxb5 Nxb5 13. Qa4 Bg4 14. f3 Bd7 15. Nxb5 Nd4 16. Nexd4 Bxd4+ 17. Kh1 Bxb5 18. Qc2 Qa5 19. Rfd1 Rb7 20. Qd2 Qxd2 21. Rxd2 Rfb8 22. Bf1 Bd7 23. Bg5 f6 24. Bh6 Kf7 25. Rc2 Rxb2 26. Rcxb2 Rxb2 27. Re1 Rf2 28. Bg2 Bb5 0-1

[Event "IECC KO-5041"]
[Site "IECC email"]
[Date "2004.01.27"]
[Round "?"]
[White "El Messiry, Raouf"]
[Black "Relyea, Alex"]
[Result "1-0"]
[WhiteElo "1690"]
[BlackElo "1491"]
[PlyCount "63"]
[EventDate "2004.??.??"]
[EventType "match (corr)"]
[EventRounds "2"]
[SourceTitle "Corr 2020"]
[Source "ChessBase"]
[SourceDate "2019.09.30"]
[SourceVersion "1"]
[SourceVersionDate "2019.09.30"]
[SourceQuality "1"]
[WhiteTeam "Egypt"]
[BlackTeam "United States"]
[WhiteTeamCountry "EGY"]
[BlackTeamCountry "USA"]

1. e4 e6 2. d4 d5 3. Nc3 Nf6 4. Bg5 Bb4 5. e5 h6 6. Bd2 Bxc3 7. Bxc3 Ne4 8. Qg4 0-0 9. Bd3 Nxc3 10. bxc3 c5 11. Qf4 Nc6 12. Nf3 Qa5 13. Qd2 Bd7 14. Be2 Rac8 15. a3 Rc7 16. g4 Rfc8 17. h4 cxd4 18. cxd4 Qxd2+ 19. Kxd2 Ne7 20. Rhc1 Rc3 21. Ne1 Ng6 22. Ng2 Rh3 23. h5 Ne7 24. c3 Nc6 25. Nf4 Rh2 26. Ke3 Na5 27. Rab1 b6 28. Kf3 Ba4 29. Kg3 Nb3 30. Kxh2 Nxc1 31. Rxc1 g5 32. hxg6 1-0